Loading...
| History - European History | 1 | 2 | 0 | 0 | 35 | 16 | 82.67 | 1 | 1 |
| Social Science | 0 | 3 | 0 | 1 | 30 | 97 | 114.33 | 0 | 2 |
| History - American History | 0 | 3 | 0 | 0 | 30 | 83 | 90.67 | 1 | 2 |
| Religion | 0 | 3 | 1 | 0 | 25 | 114 | 130.67 | 0 | 1 |
| Geography | 0 | 3 | 1 | 0 | 25 | 83 | 96.67 | 0 | 3 |
| History - World History | 1 | 1 | 0 | 0 | 25 | 43 | 65.00 | 1 | 1 |
| Current Events | 0 | 2 | 0 | 0 | 20 | 70 | 84.00 | 1 | 2 |
| Fine Arts - Auditory Fine Arts | 0 | 2 | 2 | 0 | 10 | 131 | 137.50 | 0 | 0 |
| Literature - European Literature | 0 | 1 | 0 | 1 | 10 | 157 | 157.00 | 0 | 0 |
| Literature - World Literature | 0 | 1 | 0 | 0 | 10 | 136 | 136.00 | 0 | 0 |
| Other Academic | 0 | 1 | 0 | 0 | 10 | 147 | 147.00 | 0 | 0 |
| Philosophy | 0 | 1 | 0 | 1 | 10 | 154 | 154.00 | 0 | 0 |
| Fine Arts - Visual Fine Arts | 0 | 1 | 0 | 0 | 10 | 90 | 90.00 | 1 | 1 |
| Science - Chemistry | 0 | 1 | 0 | 0 | 10 | 98 | 98.00 | 0 | 0 |
| Science - Other Science | 0 | 1 | 0 | 0 | 10 | 103 | 103.00 | 0 | 0 |
| History - Ancient History | 0 | 1 | 1 | 1 | 5 | 144 | 144.00 | 0 | 0 |
| Science - Physics | 0 | 0 | 1 | 0 | -5 | 0.00 | 0 | 0 |